Final Draft. (Record no. 6611)

MARC details
000 -LEADER
fixed length control field 01647cam a2200409 i 4500
001 - CONTROL NUMBER
control field 18517601
003 - CONTROL NUMBER IDENTIFIER
control field OSt
005 - DATE AND TIME OF LATEST TRANSACTION
control field 20240313093018.0
008 - FIXED-LENGTH DATA ELEMENTS--GENERAL INFORMATION
fixed length control field 150306s2016 nyua b 001 0 eng
010 ## - LIBRARY OF CONGRESS CONTROL NUMBER
LC control number 2015004564
020 ## - INTERNATIONAL STANDARD BOOK NUMBER
International Standard Book Number 9781107495395 (Student's Book Level 2)
020 ## - INTERNATIONAL STANDARD BOOK NUMBER
International Standard Book Number 9781107495418 (Student's Book with Writing Skills Interactive Level 2)
020 ## - INTERNATIONAL STANDARD BOOK NUMBER
International Standard Book Number 9781107495425 (Teacher's Manual Level 2)
040 ## - CATALOGING SOURCE
Original cataloging agency DLC
Language of cataloging eng
Transcribing agency DLC
Description conventions rda
Modifying agency DLC
042 ## - AUTHENTICATION CODE
Authentication code pcc
050 00 - LIBRARY OF CONGRESS CALL NUMBER
Classification number PE1408
Item number .B457 2016
082 00 - DEWEY DECIMAL CLASSIFICATION NUMBER
Classification number 808/.042 B457 2016
Edition number 23
100 1# - MAIN ENTRY--PERSONAL NAME
Personal name Bauer, Jill,
Relator term author.
245 10 - TITLE STATEMENT
Title Final Draft.
Number of part/section of a work 2 /
Statement of responsibility, etc. Jill Bauer, North Seattle College, Mike S. Boyle, Sara Stapleton, North Seattle College ; with Wendy Asplin, University of Washington.
246 30 - VARYING FORM OF TITLE
Title proper/short title Final Draft two
246 30 - VARYING FORM OF TITLE
Title proper/short title Final Draft 2
264 #1 - PRODUCTION, PUBLICATION, DISTRIBUTION, MANUFACTURE, AND COPYRIGHT NOTICE
Place of production, publication, distribution, manufacture New York, NY, USA :
Name of producer, publisher, distributor, manufacturer Cambridge University Press,
Date of production, publication, distribution, manufacture, or copyright notice 2016.
300 ## - PHYSICAL DESCRIPTION
Extent 272 pages :
Other physical details color illustrations ;
Dimensions 26 cm
336 ## - CONTENT TYPE
Content type term text
Source rdacontent
337 ## - MEDIA TYPE
Media type term unmediated
Source rdamedia
338 ## - CARRIER TYPE
Carrier type term volume
Source rdacarrier
490 0# - SERIES STATEMENT
Series statement [ESL Academic Writing Textbook, Level 2]
504 ## - BIBLIOGRAPHY, ETC. NOTE
Bibliography, etc. note Includes bibliographical resources (pages 263-265) and index.
650 #0 - SUBJECT ADDED ENTRY--TOPICAL TERM
Topical term or geographic name entry element English language
General subdivision Rhetoric
Form subdivision Problems, exercises, etc.
650 #0 - SUBJECT ADDED ENTRY--TOPICAL TERM
Topical term or geographic name entry element English language
Form subdivision Textbooks for foreign speakers.
650 #0 - SUBJECT ADDED ENTRY--TOPICAL TERM
Topical term or geographic name entry element Report writing
Form subdivision Problems, exercises, etc.
700 1# - ADDED ENTRY--PERSONAL NAME
Personal name Boyle, Mike
Titles and other words associated with a name (Teacher)
Relator term author.
700 1# - ADDED ENTRY--PERSONAL NAME
Personal name Stapleton, Sara,
Relator term author.
906 ## - LOCAL DATA ELEMENT F, LDF (RLIN)
a 7
b cbc
c orignew
d 1
e ecip
f 20
g y-gencatlg
942 ## - ADDED ENTRY ELEMENTS (KOHA)
Source of classification or shelving scheme Dewey Decimal Classification
Koha item type English Book
Suppress in OPAC No
Holdings
Withdrawn status Lost status Source of classification or shelving scheme Damaged status Not for loan Home library Current library Date acquired Total Checkouts Full call number Barcode Date last seen Price effective from Koha item type
    Dewey Decimal Classification     CENTRAL CENTRAL 03/17/2024   808/.042 B457 2016 1000000015825 03/17/2024 03/17/2024 English Book